<?xml version="1.0" encoding="UTF-8"?>
<record
    xmlns:xsi="http://www.w3.org/2001/XMLSchema-instance"
    xsi:schemaLocation="http://www.loc.gov/MARC21/slim http://www.loc.gov/standards/marcxml/schema/MARC21slim.xsd"
    xmlns="http://www.loc.gov/MARC21/slim">

  <leader>00858cam a22002171a 4500</leader>
  <controlfield tag="001">AUC_OC_72531</controlfield>
  <controlfield tag="003">OSt</controlfield>
  <controlfield tag="005">20150408113826.0</controlfield>
  <controlfield tag="008">091101s2008____su     g      00000 ara c</controlfield>
  <datafield tag="040" ind1=" " ind2=" ">
    <subfield code="a">mu</subfield>
    <subfield code="b">ara</subfield>
    <subfield code="c">mb</subfield>
  </datafield>
  <datafield tag="043" ind1=" " ind2=" ">
    <subfield code="a">a-su---</subfield>
  </datafield>
  <datafield tag="082" ind1="0" ind2="4">
    <subfield code="a">953.119</subfield>
    <subfield code="b">&#x628; &#x639; &#x639;</subfield>
    <subfield code="2">21</subfield>
  </datafield>
  <datafield tag="100" ind1="1" ind2=" ">
    <subfield code="a">&#x627;&#x628;&#x646; &#x628;&#x634;&#x631;&#x60C; &#x639;&#x62B;&#x645;&#x627;&#x646; &#x628;&#x646; &#x639;&#x628;&#x62F; &#x627;&#x644;&#x644;&#x647; &#x628;&#x646; &#x639;&#x62B;&#x645;&#x627;&#x646;&#x60C;</subfield>
    <subfield code="d">&#x62A;. 1290 &#x647;&#x640;.</subfield>
    <subfield code="9">15745</subfield>
  </datafield>
  <datafield tag="245" ind1="1" ind2="0">
    <subfield code="a">&#x639;&#x646;&#x648;&#x627;&#x646; &#x627;&#x644;&#x645;&#x62C;&#x62F; &#x641;&#x64A; &#x62A;&#x627;&#x631;&#x64A;&#x62E; &#x646;&#x62C;&#x62F; /</subfield>
    <subfield code="c">&#x62A;&#x623;&#x644;&#x64A;&#x641; &#x639;&#x62B;&#x645;&#x627;&#x646; &#x628;&#x646; &#x628;&#x634;&#x631; &#x61B; &#x62D;&#x642;&#x642;&#x647; &#x648;&#x639;&#x644;&#x642; &#x639;&#x644;&#x64A;&#x647; &#x645;&#x62D;&#x645;&#x62F; &#x628;&#x646; &#x646;&#x627;&#x635;&#x631; &#x627;&#x644;&#x634;&#x62B;&#x631;&#x64A;.</subfield>
  </datafield>
  <datafield tag="250" ind1=" " ind2=" ">
    <subfield code="a">&#x637;. 2.</subfield>
  </datafield>
  <datafield tag="260" ind1=" " ind2=" ">
    <subfield code="a">&#x627;&#x644;&#x631;&#x64A;&#x627;&#x636; :</subfield>
    <subfield code="b">&#x62F;&#x627;&#x631; &#x627;&#x644;&#x62D;&#x628;&#x64A;&#x628;&#x60C;</subfield>
    <subfield code="c">2008</subfield>
  </datafield>
  <datafield tag="300" ind1=" " ind2=" ">
    <subfield code="a">2 &#x62C;. &#x61B;</subfield>
    <subfield code="c">24 &#x633;&#x645;.</subfield>
  </datafield>
  <datafield tag="651" ind1=" " ind2="7">
    <subfield code="a">&#x646;&#x62C;&#x62F; (&#x627;&#x644;&#x633;&#x639;&#x648;&#x62F;&#x64A;&#x629;)</subfield>
    <subfield code="x">&#x62A;&#x627;&#x631;&#x64A;&#x62E;</subfield>
    <subfield code="2">aucsh</subfield>
    <subfield code="9">18</subfield>
  </datafield>
  <datafield tag="700" ind1="1" ind2=" ">
    <subfield code="a">&#x627;&#x644;&#x634;&#x62B;&#x631;&#x64A;&#x60C; &#x645;&#x62D;&#x645;&#x62F; &#x628;&#x646; &#x646;&#x627;&#x635;&#x631; &#x628;&#x646; &#x639;&#x628;&#x62F; &#x627;&#x644;&#x639;&#x632;&#x64A;&#x632;&#x60C;</subfield>
    <subfield code="d">1377 &#x647;&#x640;-</subfield>
    <subfield code="e">&#x645;&#x62D;&#x642;&#x642;.</subfield>
    <subfield code="9">15746</subfield>
  </datafield>
  <datafield tag="942" ind1=" " ind2=" ">
    <subfield code="2">ddc</subfield>
    <subfield code="c">BOOK</subfield>
  </datafield>
  <datafield tag="999" ind1=" " ind2=" ">
    <subfield code="c">7754</subfield>
    <subfield code="d">242254</subfield>
  </datafield>
  <datafield tag="952" ind1=" " ind2=" ">
    <subfield code="1">0</subfield>
    <subfield code="2">2013-03-10</subfield>
    <subfield code="4">0</subfield>
    <subfield code="7">0</subfield>
    <subfield code="a">953.119 &#x62C;1 &#x628; &#x639; &#x639;</subfield>
    <subfield code="d">2012-06-18</subfield>
    <subfield code="h">CL</subfield>
    <subfield code="i">00066784</subfield>
    <subfield code="m">CL</subfield>
    <subfield code="q">2025-12-11</subfield>
    <subfield code="r">2025-12-11 10:04:58</subfield>
    <subfield code="s">2026-01-15</subfield>
    <subfield code="t">BOOK</subfield>
    <subfield code="w">ddc</subfield>
    <subfield code="y">2</subfield>
  </datafield>
  <datafield tag="952" ind1=" " ind2=" ">
    <subfield code="1">0</subfield>
    <subfield code="2">2013-03-10</subfield>
    <subfield code="4">0</subfield>
    <subfield code="7">0</subfield>
    <subfield code="a">953.119 &#x62C;1 &#x628; &#x639; &#x639;</subfield>
    <subfield code="d">2012-06-18</subfield>
    <subfield code="h">CL</subfield>
    <subfield code="i">00066781</subfield>
    <subfield code="m">CL</subfield>
    <subfield code="q">2023-02-01</subfield>
    <subfield code="r">2023-02-01 00:00:00</subfield>
    <subfield code="s">2023-03-03</subfield>
    <subfield code="t">BOOK</subfield>
    <subfield code="w">ddc</subfield>
    <subfield code="y">3</subfield>
  </datafield>
  <datafield tag="952" ind1=" " ind2=" ">
    <subfield code="1">0</subfield>
    <subfield code="2">2013-03-10</subfield>
    <subfield code="4">0</subfield>
    <subfield code="7">0</subfield>
    <subfield code="a">953.119 &#x62C;1 &#x628; &#x639; &#x639;</subfield>
    <subfield code="d">2012-06-18</subfield>
    <subfield code="h">CL</subfield>
    <subfield code="i">00066779</subfield>
    <subfield code="m">CL</subfield>
    <subfield code="r">2013-03-10 00:00:00</subfield>
    <subfield code="t">BOOK</subfield>
    <subfield code="w">ddc</subfield>
    <subfield code="y">0</subfield>
  </datafield>
  <datafield tag="952" ind1=" " ind2=" ">
    <subfield code="1">0</subfield>
    <subfield code="2">2013-03-10</subfield>
    <subfield code="4">0</subfield>
    <subfield code="7">0</subfield>
    <subfield code="a">953.119 &#x62C;2 &#x628; &#x639; &#x639;</subfield>
    <subfield code="d">2012-06-18</subfield>
    <subfield code="h">CL</subfield>
    <subfield code="i">00066780</subfield>
    <subfield code="m">CL</subfield>
    <subfield code="q">2023-09-17</subfield>
    <subfield code="r">2023-10-15 00:00:00</subfield>
    <subfield code="t">BOOK</subfield>
    <subfield code="w">ddc</subfield>
    <subfield code="y">2</subfield>
  </datafield>
  <datafield tag="952" ind1=" " ind2=" ">
    <subfield code="1">0</subfield>
    <subfield code="2">2013-03-10</subfield>
    <subfield code="4">0</subfield>
    <subfield code="7">0</subfield>
    <subfield code="a">953.119 &#x62C;2 &#x628; &#x639; &#x639;</subfield>
    <subfield code="d">2012-06-18</subfield>
    <subfield code="h">CL</subfield>
    <subfield code="i">00066782</subfield>
    <subfield code="m">CL</subfield>
    <subfield code="q">2023-09-17</subfield>
    <subfield code="r">2023-10-15 00:00:00</subfield>
    <subfield code="t">BOOK</subfield>
    <subfield code="w">ddc</subfield>
    <subfield code="y">1</subfield>
  </datafield>
  <datafield tag="952" ind1=" " ind2=" ">
    <subfield code="1">0</subfield>
    <subfield code="2">2013-03-10</subfield>
    <subfield code="4">0</subfield>
    <subfield code="7">0</subfield>
    <subfield code="a">953.119 &#x62C;2 &#x628; &#x639; &#x639;</subfield>
    <subfield code="d">2012-06-18</subfield>
    <subfield code="h">CL</subfield>
    <subfield code="i">00066783</subfield>
    <subfield code="m">CL</subfield>
    <subfield code="q">2023-02-01</subfield>
    <subfield code="r">2023-02-01 00:00:00</subfield>
    <subfield code="s">2023-03-03</subfield>
    <subfield code="t">BOOK</subfield>
    <subfield code="w">ddc</subfield>
    <subfield code="y">2</subfield>
  </datafield>
</record>
